[Event "Titled Tuesday intern op 26th Sep Late"]
[Site "Chess.com INT"]
[Date "2023.09.26"]
[Round "5"]
[White "He, Samuel Fei"]
[Black "Kovalev, Vladislav"]
[Result "0-1"]
[WhiteElo "2168"]
[BlackElo "2582"]
[PlyCount "120"]
[EventDate "2023.09.26"]
[EventType "swiss (blitz)"]
[EventRounds "11"]
[EventCountry "USA"]
[SourceTitle "EXT 2024"]
[Source "ChessBase"]
[SourceDate "2023.10.10"]
[SourceVersion "1"]
[SourceVersionDate "2023.10.10"]
[SourceQuality "1"]

1. d4 Nf6 2. Nf3 e6 3. Bf4 d5 4. e3 c5 5. Nbd2 Nc6 6. c3 cxd4 7. exd4 Nh5 8. Be3 Bd6 9. Bd3 Nf4 10. Bxf4 Bxf4 11. 0-0 0-0 12. Re1 b6 13. g3 Bd6 14. Ne5 Nxe5 15. dxe5 Bc5 16. Qh5 g6 17. Qh6 Re8 18. Nf3 Bf8 19. Qf4 Bg7 20. h4 h6 21. Rad1 Qe7 22. h5 g5 23. Qe3 Bd7 24. Nh2 Rad8 25. Ng4 Bc6 26. Bc2 d4 27. Qd3 Kf8 28. Qh7 Qc5 29. Nf6 d3 30. Rxd3 Rxd3 31. Bxd3 Rd8 32. Bf1 Rd2 33. Qg8+ Ke7 34. Re2 Rxe2 35. Bxe2 Qxe5 36. Qxg7 Qxe2 37. Ng8+ Kd6 38. Qd4+ Bd5 39. Qb4+ Kc6 40. Ne7+ Kd7 41. Nxd5 exd5 42. Qd4 Qe1+ 43. Kg2 Qe4+ 44. Kf1 Qxd4 45. cxd4 Ke6 46. g4 Kd6 47. Ke2 Kc6 48. Kd3 Kb5 49. Kc3 Ka4 50. f3 f6 51. Kc2 Kb4 52. Kd3 a5 53. Kd2 Kc4 54. Ke3 b5 55. f4 a4 56. fxg5 fxg5 57. a3 Kb3 58. Kd3 Kxb2 59. Kd2 Kxa3 60. Kc3 b4+ 0-1

[Event "Titled Tuesday intern op 26th Sep Late"]
[Site "Chess.com INT"]
[Date "2023.09.26"]
[Round "7"]
[White "He, Samuel Fei"]
[Black "Melikhov, Evgeny V"]
[Result "1-0"]
[WhiteElo "2168"]
[BlackElo "2208"]
[PlyCount "117"]
[EventDate "2023.09.26"]
[EventType "swiss (blitz)"]
[EventRounds "11"]
[EventCountry "USA"]
[SourceTitle "EXT 2024"]
[Source "ChessBase"]
[SourceDate "2023.10.10"]
[SourceVersion "1"]
[SourceVersionDate "2023.10.10"]
[SourceQuality "1"]

1. d4 Nf6 2. Nf3 d5 3. Bf4 c5 4. e3 Nc6 5. Nbd2 cxd4 6. exd4 Bg4 7. c3 e6 8. Bd3 Bd6 9. Bxd6 Qxd6 10. h3 Bxf3 11. Nxf3 0-0 12. 0-0 a6 13. a4 Rab8 14. a5 b5 15. axb6 Rxb6 16. b4 Ra8 17. Qe2 a5 18. b5 Ne7 19. Ne5 Nd7 20. f4 f6 21. Ng4 a4 22. Kh1 a3 23. Ne3 Nf8 24. c4 dxc4 25. Nxc4 Qxd4 26. Nxb6 Qxb6 27. Bc4 Nd5 28. f5 Ne3 29. fxe6 Nxc4 30. Qxc4 Qxe6 31. Qb4 a2 32. b6 Rb8 33. b7 Qf7 34. Qa3 Qxb7 35. Rxa2 Nd7 36. Qe7 Ne5 37. Qe6+ Qf7 38. Qa6 Re8 39. Re2 h6 40. Qb5 Re7 41. Qb8+ Kh7 42. Qb1+ Qg6 43. Qe1 Rc7 44. Qd2 Rc4 45. Ref2 Nd3 46. Rf3 Ne5 47. R3f2 Nd3 48. Rf3 Ne5 49. Rc3 Ra4 50. Qf2 Rb4 51. Rg3 Qe4 52. Re1 Qd5 53. Qf5+ Kg8 54. Rc1 Rd4 55. Qxf6 Rd1+ 56. Rxd1 Qxd1+ 57. Kh2 Ng4+ 58. Rxg4 Qd6+ 59. Qxd6 1-0

[Event "Titled Tuesday intern op 26th Sep Late"]
[Site "Chess.com INT"]
[Date "2023.09.26"]
[Round "9"]
[White "Pakleza, Zbigniew"]
[Black "He, Samuel Fei"]
[Result "0-1"]
[WhiteElo "2482"]
[BlackElo "2168"]
[PlyCount "98"]
[EventDate "2023.09.26"]
[EventType "swiss (blitz)"]
[EventRounds "11"]
[EventCountry "USA"]
[SourceTitle "EXT 2024"]
[Source "ChessBase"]
[SourceDate "2023.10.10"]
[SourceVersion "1"]
[SourceVersionDate "2023.10.10"]
[SourceQuality "1"]

1. d4 Nf6 2. Nf3 e6 3. Bf4 d5 4. e3 c5 5. c3 Nc6 6. Nbd2 Nh5 7. Be5 f6 8. Bg3 Nxg3 9. hxg3 g6 10. Bd3 f5 11. g4 Qf6 12. gxf5 gxf5 13. g3 Bd7 14. Qe2 0-0-0 15. 0-0-0 c4 16. Bc2 b5 17. Rh4 Bd6 18. Rdh1 h6 19. Qf1 Rdg8 20. Qh3 Bf8 21. Ng1 e5 22. f4 e4 23. Ne2 Rg4 24. Rxg4 fxg4 25. Qh5 Ne7 26. Nf1 Qf5 27. Qh2 h5 28. Kd1 Ng6 29. Kd2 Be7 30. b3 Rh7 31. a4 a6 32. axb5 axb5 33. bxc4 dxc4 34. Qf2 Bc6 35. d5 Qxd5+ 36. Nd4 b4 37. f5 Ne5 38. f6 Nf3+ 39. Qxf3 gxf3 40. fxe7 bxc3+ 41. Kxc3 Qa5+ 42. Kb2 Qb6+ 43. Kc1 Rxe7 44. Nd2 c3 45. Nc4 Qa6 46. Nd6+ Kd7 47. N6f5 Qa1+ 48. Bb1 Qb2+ 49. Kd1 Qd2# 0-1

[Event "Titled Tuesday intern op 15th Nov Late"]
[Site "Chess.com INT"]
[Date "2022.11.15"]
[Round "6"]
[White "Hansen, Eric"]
[Black "He, Samuel Fei"]
[Result "0-1"]
[WhiteElo "2609"]
[BlackElo "2156"]
[PlyCount "96"]
[EventDate "2022.11.15"]
[EventType "swiss (blitz)"]
[EventRounds "11"]
[EventCountry "USA"]
[SourceTitle "CBM 211 Extra"]
[Source "ChessBase"]
[SourceDate "2023.01.31"]
[SourceVersion "1"]
[SourceVersionDate "2023.01.31"]
[SourceQuality "1"]

1. Nf3 Nf6 2. g3 b5 3. Bg2 Bb7 4. 0-0 e6 5. d3 Be7 6. e4 d6 7. Re1 Nbd7 8. Nc3 b4 9. Ne2 e5 10. Ng5 h6 11. Nh3 Nc5 12. f4 a5 13. Nf2 0-0 14. Be3 Na4 15. Rb1 c5 16. Qd2 Qc7 17. b3 Nb6 18. g4 d5 19. fxe5 Qxe5 20. d4 Qc7 21. e5 Ne4 22. Nxe4 dxe4 23. Rbd1 c4 24. Ng3 Nd5 25. Bxe4 Nc3 26. Bxb7 Qxb7 27. Ra1 Qf3 28. Qg2 Qxg4 29. bxc4 Bh4 30. Bf2 Rac8 31. c5 Rfd8 32. a3 Nd5 33. axb4 axb4 34. Re4 Nf4 35. Rxf4 Qxf4 36. Ne2 Bxf2+ 37. Qxf2 Qd2 38. Rb1 Qxc2 39. Rxb4 Rc6 40. h3 Rg6+ 41. Kh2 Ra8 42. Qf3 Ra2 43. Rb8+ Kh7 44. h4 Qxe2+ 45. Qxe2 Rxe2+ 46. Kh3 Re3+ 47. Kh2 Re4 48. Kh3 Rxd4 0-1

[Event "Titled Tuesday intern op 15th Nov Late"]
[Site "Chess.com INT"]
[Date "2022.11.15"]
[Round "5"]
[White "He, Samuel Fei"]
[Black "Sarkar, Justin"]
[Result "1-0"]
[WhiteElo "2156"]
[BlackElo "2350"]
[PlyCount "53"]
[EventDate "2022.11.15"]
[EventType "swiss (blitz)"]
[EventRounds "11"]
[EventCountry "USA"]
[SourceTitle "CBM 211 Extra"]
[Source "ChessBase"]
[SourceDate "2023.01.31"]
[SourceVersion "1"]
[SourceVersionDate "2023.01.31"]
[SourceQuality "1"]

1. Nf3 d5 2. e3 Bg4 3. c4 Nf6 4. cxd5 Nxd5 5. d4 e6 6. Nc3 Be7 7. h3 Bh5 8. e4 Nxc3 9. bxc3 0-0 10. Rb1 b6 11. Bd3 c5 12. Be3 Nc6 13. Bb5 Rc8 14. Qa4 Bxf3 15. gxf3 Na5 16. 0-0 cxd4 17. cxd4 Bd6 18. e5 Bc7 19. f4 Qh4 20. Kh2 Bd8 21. Rfc1 Be7 22. Qd1 g6 23. Qg4 h5 24. Qf3 Rfd8 25. Ba6 Rxc1 26. Rxc1 g5 27. fxg5 1-0

[Event "Titled Tuesday intern op 08th Nov Late"]
[Site "Chess.com INT"]
[Date "2022.11.08"]
[Round "2"]
[White "De Souza, Cristiano Gomes"]
[Black "He, Samuel Fei"]
[Result "1-0"]
[WhiteElo "2018"]
[BlackElo "2156"]
[PlyCount "79"]
[EventDate "2022.11.08"]
[EventType "swiss (blitz)"]
[EventRounds "11"]
[EventCountry "USA"]
[SourceTitle "EXT 2024"]
[Source "ChessBase"]
[SourceDate "2023.10.10"]
[SourceVersion "1"]
[SourceVersionDate "2023.10.10"]
[SourceQuality "1"]

1. d4 b6 2. c4 Bb7 3. Nc3 g6 4. Nf3 Bg7 5. e4 e6 6. Be2 d6 7. Be3 h6 8. h3 Nd7 9. Rc1 Ne7 10. 0-0 0-0 11. Qd2 Kh7 12. Ne1 f5 13. f3 e5 14. d5 f4 15. Bf2 g5 16. Nd3 Nf6 17. b4 h5 18. c5 Ng6 19. Nb5 a6 20. cxd6 axb5 21. dxc7 Qe7 22. Bxb6 g4 23. Bc5 Qf7 24. Bxf8 Bxf8 25. hxg4 hxg4 26. Rfd1 Nh4 27. Nxe5 Qg7 28. Qxf4 Bd6 29. fxg4 Ng6 30. Qf5 Bxe5 31. g5 Nd7 32. Bh5 Rf8 33. Bxg6+ Qxg6 34. Qxd7+ Rf7 35. Qe6 Qxg5 36. Rf1 Bd4+ 37. Kh1 Rg7 38. Qh3+ Kg8 39. c8Q+ Bxc8 40. Rxc8+ 1-0

[Event "Titled Tuesday intern op 04th Oct Late"]
[Site "Chess.com INT"]
[Date "2022.10.04"]
[Round "1"]
[White "He, Samuel Fei"]
[Black "Capp, Stephen P"]
[Result "1-0"]
[WhiteElo "2156"]
[BlackElo "1920"]
[PlyCount "111"]
[EventDate "2022.10.04"]
[EventType "swiss (blitz)"]
[EventRounds "11"]
[EventCountry "USA"]
[SourceTitle "EXT 2023"]
[Source "ChessBase"]
[SourceDate "2022.10.05"]
[SourceVersion "1"]
[SourceVersionDate "2022.10.05"]
[SourceQuality "1"]

1. Nf3 Nc6 2. d4 d5 3. c3 Bf5 4. Bf4 e6 5. e3 Nf6 6. Nbd2 Bd6 7. Bg3 0-0 8. Be2 h6 9. Ne5 Nd7 10. f4 f6 11. Nef3 Qe7 12. Bh4 Rae8 13. 0-0 Qf7 14. c4 Qg6 15. Bg3 Qf7 16. Nh4 Bh7 17. Bh5 g6 18. Be2 Qg7 19. c5 Be7 20. Nhf3 e5 21. e4 dxe4 22. Nxe4 g5 23. Nxf6+ Bxf6 24. fxe5 Be7 25. Bc4+ Kh8 26. e6 Nf6 27. d5 Rd8 28. Qe2 Bxc5+ 29. Kh1 Nxd5 30. Rad1 Nf4 31. Bxf4 gxf4 32. Bd5 Rde8 33. Rfe1 Bf5 34. Qc4 Be3 35. b4 a6 36. a4 Bg4 37. Bxc6 bxc6 38. Rd7 Qf6 39. Qxc6 Bxf3 40. Qxf3 Rxe6 41. Red1 Ree8 42. Rxc7 Rg8 43. Rcd7 Re7 44. R7d6 Qg7 45. R6d5 Re6 46. Rh5 Rg6 47. g3 fxg3 48. Qxe3 gxh2 49. Rxh2 Rg3 50. Qf2 Rg6 51. Rh3 Kh7 52. Kh2 Rg5 53. Qf3 Rg6 54. Qe4 Qc7+ 55. Rd6 Qc2+ 56. Qe2 1-0

[Event "Titled Tuesday intern op 04th Oct Late"]
[Site "Chess.com INT"]
[Date "2022.10.04"]
[Round "5"]
[White "He, Samuel Fei"]
[Black "Petrova, Irina"]
[Result "0-1"]
[WhiteElo "2156"]
[BlackElo "2123"]
[PlyCount "60"]
[EventDate "2022.10.04"]
[EventType "swiss (blitz)"]
[EventRounds "11"]
[EventCountry "USA"]
[SourceTitle "EXT 2023"]
[Source "ChessBase"]
[SourceDate "2022.10.05"]
[SourceVersion "1"]
[SourceVersionDate "2022.10.05"]
[SourceQuality "1"]

1. Nf3 d5 2. e3 c6 3. c4 Nf6 4. Nc3 e6 5. Rg1 Nbd7 6. g4 g6 7. b3 Bg7 8. Ba3 Ne4 9. Qc2 Nxc3 10. dxc3 Qf6 11. Nd4 c5 12. Nb5 0-0 13. Bb2 dxc4 14. g5 Qe5 15. 0-0-0 cxb3 16. axb3 Nb6 17. Rg3 c4 18. Nd6 cxb3 19. Qxb3 Bd7 20. f4 Qc5 21. Nxb7 Qc7 22. Bg2 Ba4 23. Qa3 Bxd1 24. Kxd1 Nc4 25. Qb4 Nxb2+ 26. Qxb2 Rab8 27. h4 Rfd8+ 28. Ke1 Rd7 29. Kf1 Rxb7 30. Bxb7 Qxb7 0-1

[Event "Titled Tuesday intern op 09th Nov"]
[Site "Chess.com INT"]
[Date "2021.11.09"]
[Round "2"]
[White "He, Samuel Fei"]
[Black "Vivas Zamora, Fabian Ernesto"]
[Result "1-0"]
[WhiteElo "2156"]
[BlackElo "2344"]
[PlyCount "97"]
[EventDate "2021.11.09"]
[EventType "swiss (blitz)"]
[EventRounds "11"]
[EventCountry "USA"]
[SourceTitle "CBM 205 Extra"]
[Source "ChessBase"]
[SourceDate "2022.01.31"]
[SourceVersion "1"]
[SourceVersionDate "2022.01.31"]
[SourceQuality "1"]

1. d4 Nf6 2. Nf3 g6 3. h4 Bg7 4. c4 c5 5. h5 Nxh5 6. d5 d6 7. Nc3 Nd7 8. e4 Ne5 9. Ng5 h6 10. Nh3 Bd7 11. f4 Ng4 12. Be2 Ng3 13. Rg1 h5 14. e5 dxe5 15. d6 e4 16. Nd5 exd6 17. Qb3 Nf5 18. Ng5 Nd4 19. Qxb7 0-0 20. Bd1 Qa5+ 21. b4 Qd8 22. Bb2 Rb8 23. Qxa7 Rxb4 24. Bc3 Rxc4 25. Ba5 Qe8 26. Rb1 Nc6 27. Qa6 Qa8 28. Qxc4 Qxa5+ 29. Kf1 Be6 30. Rb3 Qxa2 31. Bxg4 hxg4 32. Nxe6 fxe6 33. Ne3 Qa1+ 34. Kf2 Qf6 35. g3 Nd4 36. Rb7 Rf7 37. Rb8+ Bf8 38. Nxg4 Qg7 39. Rh1 Nf5 40. Qxe6 Qd4+ 41. Kg2 Qd2+ 42. Kh3 Kg7 43. Ra1 Qc3 44. Rg1 Kg8 45. Qxg6+ Ng7 46. Nh6+ Kh8 47. Nxf7+ Kg8 48. Nh6+ Kh8 49. Rxf8# 1-0

[Event "Las Vegas National op"]
[Site "Las Vegas"]
[Date "2015.06.20"]
[Round "3"]
[White "Foisor, Sabina Francesca"]
[Black "He, Samuel Fei"]
[Result "1-0"]
[WhiteElo "2212"]
[BlackElo "2095"]
[PlyCount "94"]
[EventDate "2015.06.19"]
[EventType "swiss"]
[EventRounds "6"]
[EventCountry "USA"]
[SourceTitle "CBM 167 Extra"]
[Source "ChessBase"]
[SourceDate "2015.09.14"]
[SourceVersion "1"]
[SourceVersionDate "2015.09.14"]
[SourceQuality "1"]

1. d4 d5 2. c4 c6 3. Nc3 Nf6 4. e3 a6 5. Nf3 Bf5 6. Qb3 Ra7 7. c5 Nbd7 8. Bd2 b6 9. cxb6 Qxb6 10. Qxb6 Nxb6 11. Ne5 Bd7 12. Rc1 Ng4 13. Nxg4 Bxg4 14. Nb1 Bd7 15. Ba5 Nc8 16. Nd2 Nd6 17. Nb3 Nb7 18. Bb6 Ra8 19. Na5 Nxa5 20. Bxa5 e6 21. b4 Bd6 22. Bd3 e5 23. dxe5 Bxe5 24. 0-0 0-0 25. h3 Bd6 26. Rfd1 Rfc8 27. Be2 Be6 28. Bf3 Rab8 29. a3 Be7 30. Be2 Ra8 31. Bb6 Kf8 32. Rd2 Ke8 33. Bd1 Rab8 34. Bc5 Bxc5 35. Rxc5 Rb5 36. Rdc2 Rxc5 37. Rxc5 Kd8 38. Be2 Bd7 39. Ra5 Ra8 40. Rxa6 Rxa6 41. Bxa6 Kc7 42. Kf1 c5 43. Bd3 h6 44. Ke2 Kb6 45. Kd2 d4 46. exd4 cxd4 47. Bc4 Bc6 1-0